[Event "Vlissingen op 25th"]
[Site "Vlissingen"]
[Date "2023.08.11"]
[Round "8"]
[White "Tibke, Jonas"]
[Black "De Jong, Migchiel"]
[Result "0-1"]
[WhiteElo "1996"]
[BlackElo "2313"]
[PlyCount "60"]
[EventDate "2023.08.05"]
[EventType "swiss"]
[EventRounds "9"]
[EventCountry "NED"]
[SourceTitle "CBM 215 Extra"]
[Source "ChessBase"]
[SourceDate "2023.09.30"]
[SourceVersion "1"]
[SourceVersionDate "2023.09.30"]
[SourceQuality "1"]

1. e4 e6 2. d4 d5 3. e5 c5 4. c3 Qb6 5. Nf3 Bd7 6. Be2 cxd4 7. cxd4 Bb5 8. Nc3 Bb4 9. 0-0 Bxc3 10. bxc3 Bxe2 11. Qxe2 Qa6 12. Qc2 Ne7 13. a4 Nbc6 14. Ba3 h6 15. Rfb1 0-0 16. Qb3 b6 17. Qb5 Qc8 18. Bd6 Re8 19. a5 Nxa5 20. Rxa5 bxa5 21. Qxa5 Nf5 22. Bc5 h5 23. g3 Qd7 24. Ra1 Reb8 25. Ng5 Qb5 26. Kg2 Ne3+ 27. Kf3 Qd3 28. Qa6 Nc4+ 29. Kg2 Rb2 30. Qc6 Ne3+ 0-1

[Event "Vlissingen op 25th"]
[Site "Vlissingen"]
[Date "2023.08.06"]
[Round "2"]
[White "Tibke, Jonas"]
[Black "Maatman, Nick"]
[Result "0-1"]
[WhiteElo "1996"]
[BlackElo "2362"]
[PlyCount "94"]
[EventDate "2023.08.05"]
[EventType "swiss"]
[EventRounds "9"]
[EventCountry "NED"]
[SourceTitle "CBM 215 Extra"]
[Source "ChessBase"]
[SourceDate "2023.09.30"]
[SourceVersion "1"]
[SourceVersionDate "2023.09.30"]
[SourceQuality "1"]

1. e4 c5 2. c3 Nf6 3. e5 Nd5 4. d4 cxd4 5. cxd4 d6 6. Nf3 Nc6 7. Qb3 e6 8. Bb5 Be7 9. Nc3 Nxc3 10. bxc3 0-0 11. exd6 Qxd6 12. a4 Qc7 13. Ba3 Na5 14. Qc2 Bxa3 15. Rxa3 Nc4 16. Bxc4 Qxc4 17. Ne5 Qd5 18. 0-0 b6 19. f4 Ba6 20. Rfa1 Rac8 21. a5 b5 22. Qb2 Bb7 23. a6 Ba8 24. Rb3 Qe4 25. Nd7 Rfd8 26. Nc5 Qxf4 27. Rxb5 e5 28. Nb7 Qe3+ 29. Qf2 Qxc3 30. Rf1 Rf8 31. dxe5 Qd3 32. Rc5 Rxc5 33. Nxc5 Qd5 34. e6 f6 35. Qc2 Rc8 36. Rd1 Qe5 37. Qc4 h5 38. e7+ Kh7 39. Qd3+ f5 40. Qd8 Qxc5+ 41. Kf1 Bc6 42. Ke2 Qe5+ 43. Kd2 Rb8 44. Rc1 Qf4+ 45. Kc2 Qf2+ 46. Kd3 Be4+ 47. Kc4 Qa2+ 0-1

[Event "Vlissingen HZ op 24th"]
[Site "Vlissingen"]
[Date "2022.08.07"]
[Round "3"]
[White "Tibke, Jonas"]
[Black "Van der Zalm, Marnix"]
[Result "1-0"]
[WhiteElo "1961"]
[BlackElo "2088"]
[PlyCount "109"]
[EventDate "2022.08.06"]
[EventType "swiss"]
[EventRounds "9"]
[EventCountry "NED"]
[SourceTitle "CBM 209 Extra"]
[Source "ChessBase"]
[SourceDate "2022.09.30"]
[SourceVersion "1"]
[SourceVersionDate "2022.09.30"]
[SourceQuality "1"]

1. e4 d6 2. d4 g6 3. f4 Bg7 4. Nf3 c5 5. dxc5 Qa5+ 6. Nbd2 Qxc5 7. Nb3 Qc7 8. Bd3 Nc6 9. 0-0 Nf6 10. Qe1 0-0 11. c3 e5 12. Qh4 d5 13. fxe5 Nxe4 14. Bxe4 dxe4 15. Ng5 h6 16. Nxe4 Qxe5 17. Nf6+ Bxf6 18. Rxf6 Ne7 19. Nd4 Nd5 20. Rf1 h5 21. Bh6 Bd7 22. Rae1 Qd6 23. Bxf8 Rxf8 24. Qg5 Kg7 25. Re5 Nf6 26. h3 Ng8 27. Rd5 Qc7 28. Re1 Nf6 29. Rc5 Qb6 30. b4 Qd8 31. Rd1 b6 32. Rc6 Qe7 33. Rc7 Qe4 34. Rxa7 Bc8 35. Qg3 Qd5 36. Re1 Qc4 37. a4 Nd5 38. Ne6+ Bxe6 39. Rxe6 Nf4 40. Re3 Ne2+ 41. Rxe2 Qxe2 42. Qc7 Qe6 43. Qe7 Qf5 44. a5 Qf4 45. Qe1 Qb8 46. axb6 Qxb6+ 47. Qf2 Qc6 48. Qd4+ Kg8 49. c4 Rc8 50. Rd7 Qe6 51. b5 Qe1+ 52. Kh2 h4 53. Rd8+ Rxd8 54. Qxd8+ Kh7 55. Qc7 1-0

[Event "Vlissingen HZ op 22nd"]
[Site "Vlissingen"]
[Date "2018.08.10"]
[Round "8"]
[White "Tibke, Jonas"]
[Black "Vedder, Richard"]
[Result "0-1"]
[WhiteElo "1921"]
[BlackElo "2284"]
[PlyCount "84"]
[EventDate "2018.08.04"]
[EventType "swiss"]
[EventRounds "9"]
[EventCountry "NED"]
[SourceTitle "CBM 185 Extra"]
[Source "ChessBase"]
[SourceDate "2018.07.29"]
[SourceVersion "1"]
[SourceVersionDate "2018.07.29"]
[SourceQuality "1"]

1. Nf3 b6 2. g3 Bb7 3. Bg2 c5 4. c4 d6 5. 0-0 Nf6 6. d3 Nbd7 7. Nc3 e6 8. e4 Be7 9. Re1 0-0 10. Nd2 Rb8 11. f4 a6 12. g4 b5 13. cxb5 axb5 14. Nxb5 Qb6 15. a4 c4+ 16. d4 Rfc8 17. Qe2 d5 18. g5 Nxe4 19. Bxe4 dxe4 20. Nxc4 Qa6 21. Be3 Bd5 22. b3 Rc6 23. Rec1 Rbc8 24. Qa2 f5 25. Kf2 Bxc4 26. bxc4 Nb6 27. c5 Nd5 28. Qc4 Qa5 29. Nc3 Nb4 30. Rcb1 Nd3+ 31. Ke2 Qd8 32. d5 Rxc5 33. Bxc5 Nxf4+ 34. Kf1 Rxc5 35. Qd4 Nxd5 36. Nxd5 Rxd5 37. Qa7 Kf7 38. Rb7 Qd6 39. a5 e3 40. a6 Rd1+ 41. Rxd1 Qxd1+ 42. Kg2 Qe2+ 0-1

[Event "Vlissingen HZ op 22nd"]
[Site "Vlissingen"]
[Date "2018.08.09"]
[Round "7"]
[White "Rosmuller, Anton J"]
[Black "Tibke, Jonas"]
[Result "0-1"]
[WhiteElo "2069"]
[BlackElo "1921"]
[PlyCount "108"]
[EventDate "2018.08.04"]
[EventType "swiss"]
[EventRounds "9"]
[EventCountry "NED"]
[SourceTitle "CBM 185 Extra"]
[Source "ChessBase"]
[SourceDate "2018.07.29"]
[SourceVersion "1"]
[SourceVersionDate "2018.07.29"]
[SourceQuality "1"]

1. d4 Nf6 2. c4 e5 3. dxe5 Ng4 4. e3 Nxe5 5. Nh3 Bb4+ 6. Bd2 Bxd2+ 7. Qxd2 d6 8. Nf4 Bf5 9. Nc3 0-0 10. Be2 Na6 11. 0-0-0 Nc5 12. f3 a5 13. g4 Be6 14. Nxe6 fxe6 15. f4 Nc6 16. g5 Nb4 17. Kb1 Qe8 18. e4 Qg6 19. Qe3 e5 20. f5 Rxf5 21. exf5 Qxf5+ 22. Ne4 Qxe4+ 23. Qxe4 Nxe4 24. Rhg1 Rf8 25. Rg2 Nc6 26. Bd3 Nc5 27. Bc2 g6 28. b3 Nd4 29. Rdd2 Rf1+ 30. Kb2 Nce6 31. a3 Nf3 32. Rd1 Rxd1 33. Bxd1 Nfxg5 34. b4 axb4 35. axb4 b6 36. c5 bxc5 37. bxc5 Kg7 38. cxd6 cxd6 39. Bb3 Kf6 40. Rf2+ Nf4 41. Bc2 Nge6 42. Ka3 d5 43. Bb3 Ke7 44. Rc2 Kd6 45. Rc8 e4 46. Kb2 Ke5 47. Kc1 Kd4 48. Rb8 e3 49. Ba4 Nd3+ 50. Kd1 Nef4 51. Rb1 e2+ 52. Kd2 e1Q+ 53. Rxe1 Nxe1 54. Kxe1 Ke3 0-1

[Event "GER-chT U20"]
[Site "Borken"]
[Date "2016.12.30"]
[Round "7.3"]
[White "Tibke, Jonas"]
[Black "Poghosyan, Tigran"]
[Result "0-1"]
[WhiteElo "1945"]
[BlackElo "2051"]
[PlyCount "76"]
[EventDate "2016.12.27"]
[EventType "team-swiss"]
[EventRounds "7"]
[EventCountry "GER"]
[SourceTitle "EXT 2018"]
[Source "ChessBase"]
[SourceDate "2017.10.13"]
[SourceVersion "1"]
[SourceVersionDate "2017.10.13"]
[SourceQuality "1"]
[WhiteTeam "Darmstadt"]
[BlackTeam "Luebeck"]
[WhiteTeamCountry "GER"]
[BlackTeamCountry "GER"]

1. e4 c5 2. c3 d5 3. exd5 Qxd5 4. d4 Nc6 5. Nf3 Bf5 6. Be2 Nf6 7. 0-0 0-0-0 8. c4 Qd6 9. d5 Nb4 10. Na3 e6 11. Qa4 a6 12. Ng5 Qd7 13. Qa5 h6 14. dxe6 fxe6 15. Nf3 Bd6 16. Be3 Qc6 17. Bd1 Bd3 18. Ba4 b6 19. Qxb4 cxb4 20. Bxc6 bxa3 21. Bxb6 axb2 22. Rab1 Bxb1 23. Rxb1 Bc7 24. Bd4 Bd6 25. Bb6 Ba3 26. Bxd8 Rxd8 27. Kf1 Kc7 28. Ba4 Ne4 29. Bc2 Nd2+ 30. Nxd2 Rxd2 31. Bg6 Bc5 32. Be4 Rxf2+ 33. Ke1 Bd4 34. h3 Kd6 35. Rd1 Ke5 36. Bf3 Rc2 37. Be2 Bc3+ 38. Kf1 Rc1 0-1

[Event "GER-chT U20"]
[Site "Borken"]
[Date "2016.12.28"]
[Round "4.3"]
[White "Tibke, Jonas"]
[Black "Riehle, Marco"]
[Result "0-1"]
[WhiteElo "1945"]
[BlackElo "2277"]
[PlyCount "112"]
[EventDate "2016.12.27"]
[EventType "team-swiss"]
[EventRounds "7"]
[EventCountry "GER"]
[SourceTitle "EXT 2018"]
[Source "ChessBase"]
[SourceDate "2017.10.13"]
[SourceVersion "1"]
[SourceVersionDate "2017.10.13"]
[SourceQuality "1"]
[WhiteTeam "Darmstadt"]
[BlackTeam "Sasbach"]
[WhiteTeamCountry "GER"]
[BlackTeamCountry "GER"]

1. e4 e5 2. Nf3 Nc6 3. Bc4 Bc5 4. d3 Nf6 5. 0-0 d6 6. Be3 Bb6 7. c3 0-0 8. Nbd2 d5 9. exd5 Nxd5 10. Bxb6 Nxb6 11. Bb5 Bf5 12. Bxc6 bxc6 13. Nxe5 Bxd3 14. Nxd3 Qxd3 15. Nf3 Qd5 16. Qc2 Rfe8 17. b3 c5 18. c4 Qd6 19. Rfe1 Qf6 20. Kf1 Nd7 21. Rad1 Nf8 22. h3 h6 23. Rd5 Rxe1+ 24. Nxe1 Re8 25. Nf3 Ne6 26. Re5 Rd8 27. Qf5 Rd1+ 28. Ne1 Qxf5 29. Rxf5 Ra1 30. g3 Nd4 31. Rxc5 Nf3 32. Rxc7 Nxe1 33. Rxa7 Nd3+ 34. Ke2 Nc1+ 35. Ke3 Nxb3 36. Ke4 Nc5+ 37. Kd5 Ne6 38. Ra3 Rd1+ 39. Kc6 Rc1 40. Kb5 g5 41. Re3 Rc2 42. a4 Rb2+ 43. Ka5 Rxf2 44. Re5 Rc2 45. Kb5 Rb2+ 46. Ka5 Kf8 47. Rb5 Rc2 48. Kb4 Ke7 49. a5 Kd6 50. Rf5 Rb2+ 51. Ka4 Nc5+ 52. Ka3 Rb3+ 53. Ka2 Rxg3 54. a6 Nxa6 55. Rf6+ Kc5 56. Rxa6 Rxh3 0-1

[Event "Karl Mala Memorial op-A 17th"]
[Site "Frankfurt"]
[Date "2014.08.03"]
[Round "6"]
[White "Tiarks, Jann Christian"]
[Black "Tibke, Jonas"]
[Result "0-1"]
[WhiteElo "1679"]
[BlackElo "1890"]
[PlyCount "64"]
[EventDate "2014.07.31"]
[EventType "swiss"]
[EventRounds "7"]
[EventCountry "GER"]
[SourceTitle "EXT 2015"]
[Source "ChessBase"]
[SourceDate "2014.11.20"]
[SourceVersion "1"]
[SourceVersionDate "2014.11.20"]
[SourceQuality "1"]

1. Nf3 d5 2. d4 Nf6 3. c4 c6 4. Nc3 Bg4 5. Qb3 b6 6. Ne5 dxc4 7. Qxc4 Be6 8. Qd3 g6 9. g3 Nd5 10. Nxd5 cxd5 11. Bg2 Bg7 12. e4 0-0 13. 0-0 a5 14. Be3 Na6 15. Nc6 Qd7 16. exd5 Bf5 17. Qb3 Nc7 18. Qxb6 Rfe8 19. Qc5 Bf8 20. Ne5 Qd8 21. Qc4 Qd6 22. Bf4 Qb6 23. d6 exd6 24. Bxa8 dxe5 25. Bxe5 Nxa8 26. b3 Rc8 27. Qa4 Bh3 28. Rac1 Qb7 29. f3 Rxc1 30. Rxc1 Qxf3 31. Qc6 Qe3+ 32. Kh1 Bf5 0-1

[Event "Hessen-ch U18"]
[Site "Bad Homburg"]
[Date "2014.04.18"]
[Round "7"]
[White "Galkin, Wladislaw"]
[Black "Tibke, Jonas"]
[Result "1/2-1/2"]
[WhiteElo "2104"]
[BlackElo "1890"]
[PlyCount "182"]
[EventDate "2014.04.??"]
[EventType "swiss"]
[EventRounds "7"]
[EventCountry "GER"]
[SourceTitle "EXT 2022"]
[Source "ChessBase"]
[SourceDate "2021.10.06"]
[SourceVersion "1"]
[SourceVersionDate "2021.10.06"]
[SourceQuality "1"]

1. c4 Nf6 2. g3 g6 3. Bg2 Bg7 4. Nc3 c5 5. Nf3 Nc6 6. 0-0 a6 7. d4 cxd4 8. Nxd4 Nxd4 9. Qxd4 0-0 10. Qd3 d6 11. Rb1 Rb8 12. Bg5 Be6 13. b3 Re8 14. Rfd1 h6 15. Bd2 Kh7 16. Ne4 Nxe4 17. Bxe4 b5 18. cxb5 axb5 19. Bb4 Qb6 20. a4 bxa4 21. bxa4 d5 22. Bxd5 Bxd5 23. Qxd5 Red8 24. Qb5 Rxd1+ 25. Rxd1 Qxb5 26. axb5 Rxb5 27. Ba3 Ra5 28. Bb4 Rb5 29. Ba3 Ra5 30. Rd3 Bf6 31. Kg2 Re5 32. Kf3 Rf5+ 33. Kg2 Re5 34. e3 Ra5 35. Bb4 Rb5 36. Bd2 Kg7 37. Rd7 Rb2 38. Ba5 Rb5 39. Bd8 e6 40. Bxf6+ Kxf6 41. Kf3 Rb2 42. Ra7 Rc2 43. g4 Rc3 44. Kg3 Rb3 45. Ra8 Rc3 46. Rg8 g5 47. h4 Rb3 48. h5 e5 49. Ra8 Rb4 50. Ra6+ Kg7 51. Rd6 Ra4 52. Kf3 Rb4 53. Kg3 Ra4 54. Rc6 Rb4 55. Rc2 Re4 56. Re2 Ra4 57. f3 Rb4 58. Rc2 Ra4 59. Kf2 Kf6 60. Rc6+ Kg7 61. Ke2 Ra3 62. Rb6 Rc3 63. Ra6 Rb3 64. Rc6 Ra3 65. Rc4 Kf6 66. Kd2 Ra6 67. Kd3 Rb6 68. Rc5 Ra6 69. Ke4 Ra4+ 70. Kd5 Ra6 71. Rb5 Ra3 72. Rb6+ Kg7 73. Ke4 Ra5 74. Rd6 Ra3 75. Rd5 Kf6 76. Rd6+ Kg7 77. Rb6 Rc3 78. Rb4 Kf6 79. Rb1 Ra3 80. Rc1 Rb3 81. Rd1 Ra3 82. Rd6+ Kg7 83. Rd3 Rxd3 84. Kxd3 Kf6 85. Ke4 Ke6 86. f4 exf4 87. exf4 f6 88. Kd4 gxf4 89. Ke4 f3 90. Kxf3 f5 91. Kg3 fxg4 1/2-1/2

[Event "Hessen-ch U18"]
[Site "Bad Homburg"]
[Date "2014.04.17"]
[Round "5"]
[White "Tibke, Jonas"]
[Black "Hebbering, Tom Elliot"]
[Result "1-0"]
[WhiteElo "1890"]
[BlackElo "2007"]
[PlyCount "63"]
[EventDate "2014.04.??"]
[EventType "swiss"]
[EventRounds "7"]
[EventCountry "GER"]
[SourceTitle "EXT 2022"]
[Source "ChessBase"]
[SourceDate "2021.10.06"]
[SourceVersion "1"]
[SourceVersionDate "2021.10.06"]
[SourceQuality "1"]

1. e4 c5 2. c3 d6 3. d4 Nf6 4. Bd3 g6 5. f4 Bg7 6. Nf3 d5 7. e5 Ne4 8. Bxe4 dxe4 9. Ng5 Bf5 10. d5 f6 11. Nxe4 fxe5 12. Nxc5 0-0 13. fxe5 Bxe5 14. Be3 Qc7 15. Qb3 Qd6 16. Nd2 b6 17. Nce4 Qd7 18. 0-0-0 Na6 19. h3 Nc7 20. g4 Bxe4 21. Nxe4 Kh8 22. Qc4 Nb5 23. Ng5 Rac8 24. Qe4 Qc7 25. Kb1 Rf6 26. Ne6 Qxc3 27. Nd4 Qb4 28. Qxe5 Na3+ 29. Ka1 Nc4 30. Nc2 Qb5 31. Qc3 Kg8 32. Na3 1-0

[Event "Gernsheim U20 op 11th"]
[Site "Gernsheim"]
[Date "2013.05.18"]
[Round "1"]
[White "Hollmann, Leon"]
[Black "Tibke, Jonas"]
[Result "1/2-1/2"]
[WhiteElo "1591"]
[BlackElo "1890"]
[PlyCount "72"]
[EventDate "2013.05.18"]
[EventType "swiss"]
[EventRounds "7"]
[EventCountry "GER"]
[SourceTitle "EXT 2015"]
[Source "ChessBase"]
[SourceDate "2014.11.20"]
[SourceVersion "1"]
[SourceVersionDate "2014.11.20"]
[SourceQuality "1"]

1. e4 c6 2. d4 d5 3. f3 e6 4. g3 Nf6 5. Bg2 c5 6. c3 Nc6 7. Ne2 Qb6 8. Qb3 Qxb3 9. axb3 cxd4 10. Nxd4 Nxd4 11. cxd4 b6 12. Bd2 dxe4 13. fxe4 Bb7 14. Nc3 Bb4 15. d5 exd5 16. exd5 0-0 17. 0-0 Bxc3 18. bxc3 Bxd5 19. Bxd5 Nxd5 20. c4 Nf6 21. Rfe1 Rfe8 22. Rxe8+ Nxe8 23. Be3 Nc7 24. b4 Kf8 25. c5 Nd5 26. Bf2 b5 27. c6 Rc8 28. Bc5+ Kg8 29. Rxa7 h6 30. Rb7 Rxc6 31. Rxb5 Nc3 32. Rb8+ Kh7 33. Bf2 Ne4 34. Be3 Rc3 35. Bd4 Rc4 36. Be3 Rc3 1/2-1/2

[Event "Hessen-ch U18"]
[Site "Bad Homburg"]
[Date "2013.??.??"]
[Round "6"]
[White "Diyap, Murat"]
[Black "Tibke, Jonas"]
[Result "1/2-1/2"]
[WhiteElo "1944"]
[BlackElo "1890"]
[PlyCount "82"]
[EventDate "2013.03.??"]
[EventType "swiss"]
[EventRounds "7"]
[EventCountry "GER"]
[SourceTitle "EXT 2014"]
[Source "ChessBase"]
[SourceDate "2013.11.20"]
[SourceVersion "1"]
[SourceVersionDate "2013.11.20"]
[SourceQuality "1"]

1. e4 e5 2. Nf3 d6 3. d4 exd4 4. Nxd4 Nf6 5. Nc3 Be7 6. Bf4 0-0 7. Qd2 Nc6 8. 0-0-0 Nxd4 9. Qxd4 Be6 10. f3 Nd7 11. Qe3 Bf6 12. g4 h6 13. Be2 Ne5 14. Nd5 Bxd5 15. Rxd5 c6 16. Rdd1 Re8 17. Bg3 Qa5 18. Kb1 Qb4 19. c3 Qc5 20. Qxc5 dxc5 21. f4 Ng6 22. e5 Bh4 23. Rd7 Bxg3 24. hxg3 Re7 25. Rhd1 Kf8 26. Kc2 Ke8 27. R7d6 Nf8 28. Kd3 Rd7 29. Kc4 Rxd6 30. Rxd6 Nd7 31. Bf3 Ke7 32. Be4 g6 33. Bxg6 fxg6 34. Rxg6 Rd8 35. Rxh6 a5 36. e6 Nf6 37. g5 Ne4 38. f5 Rd5 39. Rh7+ Ke8 40. Rh8+ Ke7 41. Rh7+ Ke8 1/2-1/2

[Event "Hessen-ch U18"]
[Site "Bad Homburg"]
[Date "2013.??.??"]
[Round "5"]
[White "Tibke, Jonas"]
[Black "Lenz, Jonas"]
[Result "1/2-1/2"]
[WhiteElo "1890"]
[BlackElo "1972"]
[PlyCount "98"]
[EventDate "2013.03.??"]
[EventType "swiss"]
[EventRounds "7"]
[EventCountry "GER"]
[SourceTitle "EXT 2014"]
[Source "ChessBase"]
[SourceDate "2013.11.20"]
[SourceVersion "1"]
[SourceVersionDate "2013.11.20"]
[SourceQuality "1"]

1. e4 c5 2. Nc3 e6 3. f4 Nc6 4. Bb5 Nge7 5. Nf3 d5 6. e5 a6 7. Bxc6+ Nxc6 8. 0-0 Be7 9. Kh1 0-0 10. d3 b5 11. Qe1 f5 12. Bd2 d4 13. Ne2 Bb7 14. h3 Qe8 15. Kh2 Qh5 16. Rg1 Nd8 17. Ng3 Qh6 18. Qf2 Bh4 19. Raf1 Nf7 20. Nxf5 Bxf2 21. Nxh6+ Nxh6 22. Rxf2 Bxf3 23. Rxf3 Nf5 24. g4 Ne7 25. Rgf1 g6 26. c3 Nc6 27. Kg3 Rad8 28. Rc1 g5 29. Re1 dxc3 30. bxc3 Rd5 31. h4 gxh4+ 32. Kg2 Rfd8 33. Ree3 a5 34. Kh3 b4 35. c4 R5d7 36. Kxh4 Nd4 37. Rh3 a4 38. Reg3 Rg7 39. Rh2 h5 40. Be3 hxg4 41. Bxd4 Rxd4 42. Rxg4 Rxd3 43. Rc2 a3 44. Rxg7+ Kxg7 45. Kg5 Rg3+ 46. Kh4 Rc3 47. Rg2+ Kf7 48. Kg5 b3 49. axb3 Rxb3 1/2-1/2

[Event "GER-chT U16"]
[Site "Naumburg"]
[Date "2012.12.30"]
[Round "7"]
[White "Tibke, Jonas"]
[Black "Voege, Tobias"]
[Result "0-1"]
[WhiteElo "1776"]
[BlackElo "1899"]
[PlyCount "70"]
[EventDate "2012.12.27"]
[EventType "team-swiss"]
[EventRounds "7"]
[EventCountry "GER"]
[SourceTitle "EXT 2014"]
[Source "ChessBase"]
[SourceDate "2013.11.20"]
[SourceVersion "1"]
[SourceVersionDate "2013.11.20"]
[SourceQuality "1"]
[WhiteTeam "Darmstadt Schachforum"]
[BlackTeam "Stader SV"]
[WhiteTeamCountry "GER"]
[BlackTeamCountry "GER"]

1. e4 c5 2. Nc3 Nc6 3. Bb5 g6 4. Bxc6 bxc6 5. f4 d5 6. d3 Bg7 7. Bd2 Nf6 8. Nf3 0-0 9. 0-0 e6 10. Kh1 Ba6 11. Rg1 c4 12. Ne5 cxd3 13. cxd3 Rc8 14. Qe1 Nd7 15. d4 Nxe5 16. fxe5 Qb6 17. Qe3 Bb5 18. exd5 cxd5 19. Nxb5 Qxb5 20. Bc3 Rc4 21. Rgf1 Qb6 22. Rf6 Bxf6 23. exf6 Kh8 24. Rf1 Qd6 25. Qh6 Rg8 26. Rf3 Qf8 27. Qg5 Rxc3 28. Rxc3 h6 29. Qd2 g5 30. Rc7 Rg6 31. Qa5 Rxf6 32. Kg1 Qd6 33. Qxa7 Qf4 34. h3 Qf1+ 35. Kh2 Rf2 0-1

[Event "Karl Mala Memorial op 15th"]
[Site "Frankfurt"]
[Date "2012.07.07"]
[Round "4"]
[White "Hilbenz, Guntram"]
[Black "Tibke, Jonas"]
[Result "1/2-1/2"]
[WhiteElo "1924"]
[BlackElo "1807"]
[PlyCount "41"]
[EventDate "2012.07.05"]
[EventType "swiss"]
[EventRounds "7"]
[EventCountry "GER"]
[SourceTitle "CBM 149 Extra"]
[Source "ChessBase"]
[SourceDate "2012.08.24"]
[SourceVersion "1"]
[SourceVersionDate "2012.08.24"]
[SourceQuality "1"]

1. c4 c5 2. g3 g6 3. Bg2 Bg7 4. Nf3 Nc6 5. 0-0 Nf6 6. Nc3 0-0 7. d4 cxd4 8. Nxd4 Nxd4 9. Qxd4 d6 10. Bd2 Nd7 11. Qe3 Re8 12. Rac1 Qb6 13. b3 Rb8 14. Qxb6 Nxb6 15. Be3 Bxc3 16. Rxc3 Nd7 17. c5 dxc5 18. Bxc5 Nxc5 19. Rxc5 Be6 20. Rd1 Rec8 21. Rxc8+ 1/2-1/2

[Event "Karl Mala Memorial op 15th"]
[Site "Frankfurt"]
[Date "2012.07.06"]
[Round "2"]
[White "Tibke, Jonas"]
[Black "Roehlich, Dirk"]
[Result "1/2-1/2"]
[WhiteElo "1807"]
[BlackElo "2012"]
[PlyCount "55"]
[EventDate "2012.07.05"]
[EventType "swiss"]
[EventRounds "7"]
[EventCountry "GER"]
[SourceTitle "CBM 149 Extra"]
[Source "ChessBase"]
[SourceDate "2012.08.24"]
[SourceVersion "1"]
[SourceVersionDate "2012.08.24"]
[SourceQuality "1"]

1. e4 c5 2. Nc3 Nc6 3. Bb5 g6 4. Bxc6 bxc6 5. f4 Bg7 6. Nf3 d6 7. 0-0 Nh6 8. d3 0-0 9. h3 Qb6 10. Kh1 Kh8 11. g4 Ng8 12. f5 Bd7 13. Qe1 d5 14. Ng5 h6 15. fxg6 fxg6 16. Nf7+ Kh7 17. Qh4 Bf6 18. Rxf6 exf6 19. Bxh6 Rxf7 20. Bf8+ Nh6 21. Bxh6 Kg8 22. Na4 Qa5 23. Rf1 g5 24. Qh5 Be8 25. Qg6+ Kh8 26. Rxf6 Qe1+ 27. Kg2 Qe2+ 28. Kg1 1/2-1/2

[Event "Hessen-ch U16"]
[Site "Bad Homburg"]
[Date "2012.??.??"]
[Round "6"]
[White "Hoepfner, Tim"]
[Black "Tibke, Jonas"]
[Result "1/2-1/2"]
[WhiteElo "1942"]
[BlackElo "1553"]
[PlyCount "112"]
[EventDate "2012.04.??"]
[EventType "swiss"]
[EventRounds "9"]
[EventCountry "GER"]
[SourceTitle "EXT 2015"]
[Source "ChessBase"]
[SourceDate "2014.11.20"]
[SourceVersion "1"]
[SourceVersionDate "2014.11.20"]
[SourceQuality "1"]

1. d4 Nf6 2. c4 e6 3. g3 d5 4. Nf3 c5 5. cxd5 exd5 6. Bg2 Nc6 7. 0-0 Be6 8. Nc3 Qd7 9. Re1 Rc8 10. Bf4 cxd4 11. Nxd4 Nxd4 12. Qxd4 Bc5 13. Qd2 0-0 14. Red1 Rfd8 15. Be5 Bxf2+ 16. Kxf2 Ng4+ 17. Kg1 Nxe5 18. Qf4 Ng6 19. Qf3 Ne7 20. e3 Bg4 21. Qf2 Bxd1 22. Rxd1 Qe6 23. Kh1 Rc7 24. Nb5 Rcd7 25. Nd4 Qg6 26. Bf1 Nc6 27. Nb3 Ne5 28. Rd4 Re7 29. Nc5 Ng4 30. Qf3 Nxe3 31. Bd3 Qf6 32. Qxf6 gxf6 33. Kg1 Rc8 34. Nb3 Re5 35. Kf2 Nc4 36. Rg4+ Rg5 37. Rh4 h5 38. Be2 Nxb2 39. Nd4 Re8 40. Nf3 Rf5 41. Rb4 Nc4 42. Rxb7 Nd2 43. Rxa7 Rxe2+ 44. Kxe2 Nxf3 45. a4 Ne5 46. a5 d4 47. a6 Nc6 48. Rc7 Nb4 49. a7 Ra5 50. Rc8+ Kg7 51. a8Q Rxa8 52. Rxa8 Nc6 53. Ra4 Kg6 54. h3 Kf5 55. Rc4 d3+ 56. Ke3 Ne5 1/2-1/2